[Event "POL-chT U19 2nd League"]
[Site "Borowice"]
[Date "2012.07.29"]
[Round "11"]
[White "Sobotka, Elzbieta"]
[Black "Olchowko, Marika"]
[Result "0-1"]
[WhiteElo "1538"]
[BlackElo "1694"]
[PlyCount "48"]
[EventDate "2012.07.21"]
[EventType "team-swiss"]
[EventRounds "11"]
[EventCountry "POL"]
[SourceTitle "EXT 2014"]
[Source "ChessBase"]
[SourceDate "2013.11.20"]
[SourceVersion "1"]
[SourceVersionDate "2013.11.20"]
[SourceQuality "1"]
[WhiteTeam "Cieszyn MUKS SZS U19"]
[BlackTeam "Gliwice Carbo U19"]
[WhiteTeamCountry "POL"]
[BlackTeamCountry "POL"]

1. e4 e5 2. Nf3 d6 3. Nc3 Nf6 4. Bc4 Be7 5. 0-0 0-0 6. d4 exd4 7. Nxd4 Re8 8. Re1 c6 9. Bb3 Bf8 10. Bf4 Nbd7 11. Qf3 Ne5 12. Qg3 Ng6 13. Bg5 Be7 14. Rad1 Qc7 15. Kh1 Nh5 16. Qf3 Bxg5 17. Qxh5 Bf6 18. Nf5 Bxf5 19. exf5 Bxc3 20. bxc3 Nf8 21. g3 b5 22. Rxe8 Rxe8 23. Rxd6 c5 24. Rc6 Qxc6+ 0-1

[Event "POL-chT U19 2nd League"]
[Site "Borowice"]
[Date "2012.07.27"]
[Round "9"]
[White "Skoczek, Karolina"]
[Black "Olchowko, Marika"]
[Result "0-1"]
[WhiteElo "1580"]
[BlackElo "1694"]
[PlyCount "92"]
[EventDate "2012.07.21"]
[EventType "team-swiss"]
[EventRounds "11"]
[EventCountry "POL"]
[SourceTitle "EXT 2014"]
[Source "ChessBase"]
[SourceDate "2013.11.20"]
[SourceVersion "1"]
[SourceVersionDate "2013.11.20"]
[SourceQuality "1"]
[WhiteTeam "Bydgoszcz Hetman U19"]
[BlackTeam "Gliwice Carbo U19"]
[WhiteTeamCountry "POL"]
[BlackTeamCountry "POL"]

1. e4 e5 2. Nf3 d6 3. d4 exd4 4. Nxd4 Nf6 5. Nc3 Be7 6. Bc4 0-0 7. f3 c6 8. Bb3 Re8 9. 0-0 b5 10. a4 b4 11. Nce2 c5 12. Nf5 Bxf5 13. exf5 d5 14. Kh1 Nc6 15. Bg5 c4 16. Ba2 Qa5 17. Qd2 Rad8 18. Rfd1 h6 19. Be3 Bc5 20. Bxc5 Qxc5 21. Nd4 Nxd4 22. Qxd4 Qxd4 23. Rxd4 a5 24. Rad1 Rc8 25. h3 Re2 26. R4d2 Rxd2 27. Rxd2 Re8 28. Kg1 Re1+ 29. Kf2 Ra1 30. Bxc4 dxc4 31. b3 cxb3 32. cxb3 Rc1 33. Rd8+ Kh7 34. Ra8 Rc5 35. Ra7 Rxf5 36. g4 Rc5 37. Rxf7 Rc3 38. Ra7 Rxb3 39. Rxa5 Ra3 40. Rc5 Rxa4 41. Rc4 Ra2+ 42. Ke1 b3 43. Rb4 b2 44. Kd1 Nd5 45. Rb3 Nc3+ 46. Kc2 b1Q+ 0-1

[Event "POL-chT U19 2nd League"]
[Site "Borowice"]
[Date "2012.07.22"]
[Round "2"]
[White "Reda, Lucja"]
[Black "Olchowko, Marika"]
[Result "0-1"]
[WhiteElo "1269"]
[BlackElo "1694"]
[PlyCount "93"]
[EventDate "2012.07.21"]
[EventType "team-swiss"]
[EventRounds "11"]
[EventCountry "POL"]
[SourceTitle "EXT 2014"]
[Source "ChessBase"]
[SourceDate "2013.11.20"]
[SourceVersion "1"]
[SourceVersionDate "2013.11.20"]
[SourceQuality "1"]
[WhiteTeam "Warszawa UKS Czternastka U19"]
[BlackTeam "Gliwice Carbo U19"]
[WhiteTeamCountry "POL"]
[BlackTeamCountry "POL"]

1. e4 e5 2. Nf3 d6 3. d4 exd4 4. Qxd4 Nc6 5. Qd1 Nf6 6. Nc3 Be7 7. Bf4 0-0 8. h3 Re8 9. Bc4 h6 10. 0-0 Bd7 11. Re1 Bf8 12. Qd2 Ne5 13. Nxe5 dxe5 14. Bg3 c6 15. Rad1 Qe7 16. Qe3 b6 17. Rd2 Be6 18. Bxe6 Qxe6 19. Red1 Bc5 20. Qe2 Bd4 21. Ra1 Rad8 22. Rd3 Qc4 23. Qe1 b5 24. a3 Rc8 25. b3 Qc5 26. Ra2 Qe7 27. Nd1 Nh5 28. c3 Bb6 29. Kh1 Qg5 30. Nb2 Rcd8 31. Bh2 Re6 32. Rxd8+ Qxd8 33. Qe2 Qg5 34. Nd3 Rg6 35. Qf3 Bc7 36. a4 a5 37. axb5 cxb5 38. Ra1 Nf6 39. Rd1 Nd7 40. b4 axb4 41. cxb4 Nb6 42. Bg3 Nc4 43. Qe2 h5 44. f3 h4 45. Be1 Ne3 46. Rd2 Bb6 47. Nf2 0-1

[Event "POL-ch U18 Girls"]
[Site "Murzasichle"]
[Date "2011.03.08"]
[Round "5"]
[White "Dabrowska, Paula"]
[Black "Olchowko, Marika"]
[Result "0-1"]
[WhiteElo "1506"]
[BlackElo "1645"]
[PlyCount "58"]
[EventDate "2011.03.05"]
[EventType "swiss"]
[EventRounds "9"]
[EventCountry "POL"]
[SourceTitle "EXT 2012"]
[Source "ChessBase"]
[SourceDate "2011.11.24"]
[SourceVersion "1"]
[SourceVersionDate "2011.11.24"]
[SourceQuality "1"]

1. e4 e5 2. Nf3 d6 3. d4 exd4 4. Nxd4 Nf6 5. Nc3 Be7 6. Bf4 0-0 7. Qd2 c6 8. 0-0-0 b5 9. f3 b4 10. Na4 Qa5 11. b3 c5 12. Nf5 Bxf5 13. exf5 d5 14. Qe3 Re8 15. Qf2 c4 16. Kb1 c3 17. g4 Nfd7 18. g5 Nb6 19. Bc7 N8d7 20. Qg3 Bd8 21. Bxd8 Raxd8 22. g6 fxg6 23. fxg6 h6 24. Nxb6 Qa3 25. Na4 Nb6 26. Qf4 Nxa4 27. Qc1 Nb2 28. Rd4 Re1 29. Qxe1 Nd3 0-1

[Event "POL-ch U18 Girls"]
[Site "Murzasichle"]
[Date "2011.03.07"]
[Round "4"]
[White "Olchowko, Marika"]
[Black "Lukiewicz, Kaja"]
[Result "1/2-1/2"]
[WhiteElo "1645"]
[BlackElo "1700"]
[PlyCount "91"]
[EventDate "2011.03.05"]
[EventType "swiss"]
[EventRounds "9"]
[EventCountry "POL"]
[SourceTitle "EXT 2012"]
[Source "ChessBase"]
[SourceDate "2011.11.24"]
[SourceVersion "1"]
[SourceVersionDate "2011.11.24"]
[SourceQuality "1"]

1. d4 d5 2. Nf3 Nf6 3. e3 e6 4. Bd3 c5 5. b3 Nc6 6. 0-0 b6 7. Nbd2 Bd6 8. Bb2 Qc7 9. c4 cxd4 10. exd4 0-0 11. Rc1 Bb7 12. Re1 Rac8 13. Ne5 Qd8 14. Bb1 dxc4 15. Ndxc4 Bb4 16. Re3 b5 17. Nxc6 Rxc6 18. Ne5 Rxc1 19. Qxc1 Qd5 20. Qf1 Rc8 21. f3 Qd6 22. Qd3 g6 23. Re2 Nd5 24. Rc2 Rxc2 25. Qxc2 Ba5 26. Qc1 Bc7 27. Qh6 Qf8 28. Qxf8+ Kxf8 29. Nd7+ Ke7 30. Nc5 Bc6 31. a3 a5 32. Na6 Bb6 33. b4 Kd6 34. bxa5 Bxa5 35. Nc5 Ne3 36. Nb3 Bb6 37. Bc1 Nc4 38. Kf1 f5 39. Ke2 Kd5 40. Kd3 Bc7 41. h3 Bd6 42. Ba2 Bxa3 43. Bxa3 Nxa3 44. Na5+ Nc4 45. Nxc4 bxc4+ 46. Bxc4+ 1/2-1/2

[Event "Rewal op-B 14th"]
[Site "Rewal"]
[Date "2009.08.29"]
[Round "9"]
[White "Zadlo, Anna"]
[Black "Olchowko, Marika"]
[Result "1/2-1/2"]
[WhiteElo "1803"]
[BlackElo "1687"]
[PlyCount "38"]
[EventDate "2009.08.20"]
[EventType "swiss"]
[EventRounds "9"]
[EventCountry "POL"]
[SourceTitle "EXT 2011"]
[Source "ChessBase"]
[SourceDate "2010.11.26"]
[SourceVersion "1"]
[SourceVersionDate "2010.11.26"]
[SourceQuality "1"]

1. e4 e5 2. Nf3 d6 3. d4 exd4 4. Nxd4 Nf6 5. Nc3 Be7 6. Bc4 0-0 7. 0-0 Re8 8. Re1 Bf8 9. f3 c6 10. Be3 Nbd7 11. Qd2 Nb6 12. Bb3 d5 13. exd5 Nbxd5 14. Nxd5 Nxd5 15. Bf2 Bd7 16. Bxd5 Rxe1+ 17. Rxe1 cxd5 18. Rd1 Qf6 19. Re1 a6 1/2-1/2

[Event "POL-ch U16 Girls"]
[Site "Chotowa"]
[Date "2009.04.01"]
[Round "6"]
[White "Bakalarczyk, Jolanta"]
[Black "Olchowko, Marika"]
[Result "1/2-1/2"]
[WhiteElo "1725"]
[BlackElo "1687"]
[PlyCount "66"]
[EventDate "2009.03.28"]
[EventType "swiss"]
[EventRounds "11"]
[EventCountry "POL"]
[SourceTitle "EXT 2011"]
[Source "ChessBase"]
[SourceDate "2010.11.26"]
[SourceVersion "1"]
[SourceVersionDate "2010.11.26"]
[SourceQuality "1"]

1. d4 d5 2. e3 Nc6 3. f4 Nf6 4. c3 Bg4 5. Nf3 e6 6. Bb5 Be7 7. 0-0 0-0 8. Bd3 Ne4 9. h3 Bxf3 10. Qxf3 f5 11. Nd2 Qe8 12. Qd1 Qg6 13. Be2 Ng3 14. Rf3 Nxe2+ 15. Qxe2 Bh4 16. Qb5 Rab8 17. Nb3 Nd8 18. Nc5 Qf7 19. Nd3 Nc6 20. Bd2 Rfd8 21. Kh2 h6 22. g3 Be7 23. Rg1 h5 24. Qa4 Qg6 25. b4 b5 26. Qd1 Qh6 27. Be1 g5 28. h4 g4 29. Rf2 a5 30. a3 a4 31. Ne5 Nxe5 32. dxe5 c6 33. Qd4 Rb7 1/2-1/2

[Event "Ostroda op 5th"]
[Site "Ostroda"]
[Date "2008.08.10"]
[Round "9.14"]
[White "Chojnowski, Robert"]
[Black "Olchowko, Marika"]
[Result "0-1"]
[WhiteElo "1638"]
[BlackElo "1712"]
[PlyCount "64"]
[EventDate "2008.08.04"]
[EventType "swiss"]
[EventRounds "9"]
[EventCountry "POL"]
[SourceTitle "EXT 2023"]
[Source "ChessBase"]
[SourceDate "2022.10.05"]
[SourceVersion "1"]
[SourceVersionDate "2022.10.05"]
[SourceQuality "1"]

1. e4 e5 2. f4 exf4 3. Nf3 Nf6 4. e5 Nd5 5. Bc4 Nb6 6. Bb3 Be7 7. 0-0 Nc6 8. a3 d5 9. d4 g5 10. h4 gxh4 11. Bxf4 h3 12. g3 h5 13. Kh2 h4 14. gxh4 Bxh4 15. Rg1 Bf5 16. Nc3 a6 17. Qf1 Be7 18. Rg7 Qd7 19. Ng5 Bxg5 20. Bxg5 Be6 21. Qf6 Nxd4 22. Rxf7 Qxf7 23. Qxh8+ Kd7 24. Qf6 Nf3+ 25. Kh1 Nxg5 26. Qxf7+ Nxf7 27. Rd1 c6 28. Ne4 Kc7 29. Nc5 Bg4 30. Re1 Rh8 31. e6 h2 32. Rf1 Ne5 0-1

[Event "POL 14th Olympiade U14 Girls"]
[Site "Szczawno Zdroj"]
[Date "2008.04.30"]
[Round "5"]
[White "Zezulkin, Alina"]
[Black "Olchowko, Marika"]
[Result "1-0"]
[WhiteElo "1635"]
[BlackElo "1734"]
[PlyCount "117"]
[EventDate "2008.04.27"]
[EventType "swiss"]
[EventRounds "10"]
[EventCountry "POL"]
[SourceTitle "EXT 2009"]
[Source "ChessBase"]
[SourceDate "2008.11.26"]
[SourceVersion "1"]
[SourceVersionDate "2008.11.26"]
[SourceQuality "1"]

1. e4 e5 2. Nf3 d6 3. d4 exd4 4. Nxd4 Nf6 5. Nc3 Be7 6. Bf4 0-0 7. Qd2 Nc6 8. 0-0-0 Nxd4 9. Qxd4 Be6 10. f3 Nd7 11. Kb1 a6 12. g4 b5 13. Nd5 Bxd5 14. Qxd5 Ne5 15. Qb3 Qc8 16. h4 c5 17. Be2 c4 18. Qc3 Qc7 19. g5 Rab8 20. Qd4 Rfd8 21. Bg3 Nc6 22. Qd2 Na5 23. Qb4 Nc6 24. Qc3 Na5 25. a3 Nc6 26. f4 a5 27. f5 Ne5 28. Rd5 b4 29. axb4 Rxb4 30. Bxe5 dxe5 31. Qxe5 Bd6 32. Rhd1 Rb6 33. Qd4 c3 34. Rb5 Rxb5 35. Bxb5 cxb2 36. Qxb2 Rb8 37. Rd5 Qb6 38. c4 Bf4 39. Qd4 Qc7 40. Rd7 Qc8 41. Qd5 Qf8 42. Ka2 a4 43. g6 Kh8 44. Rxf7 Qb4 45. Qd3 Bc1 46. Qc2 Qa3+ 47. Kb1 Be3 48. Qb2 Qd3+ 49. Ka2 Bd4 50. Rd7 Bxb2 51. Rxd3 a3 52. h5 hxg6 53. Re3 Rd8 54. Re2 Rd1 55. e5 Ra1+ 56. Kb3 Bc1 57. Re1 Rb1+ 58. Ka2 Rb2+ 59. Kxa3 1-0

[Event "POL 14th Olympiade U14 Girls"]
[Site "Szczawno Zdroj"]
[Date "2008.04.29"]
[Round "4"]
[White "Olchowko, Marika"]
[Black "Dubrawska, Greta"]
[Result "0-1"]
[WhiteElo "1734"]
[BlackElo "1572"]
[PlyCount "80"]
[EventDate "2008.04.27"]
[EventType "swiss"]
[EventRounds "10"]
[EventCountry "POL"]
[SourceTitle "EXT 2009"]
[Source "ChessBase"]
[SourceDate "2008.11.26"]
[SourceVersion "1"]
[SourceVersionDate "2008.11.26"]
[SourceQuality "1"]

1. d4 Nf6 2. Nf3 g6 3. Bf4 Bg7 4. Nbd2 d6 5. e4 Nbd7 6. Bd3 Nh5 7. Bg5 0-0 8. 0-0 Qe8 9. Re1 e5 10. c3 c6 11. h3 Kh8 12. Nc4 Qe6 13. Qd2 Nb6 14. Nxb6 axb6 15. Bh6 Re8 16. Bxg7+ Kxg7 17. Qe3 Nf4 18. Bc2 Nxg2 19. Kxg2 Qxh3+ 20. Kg1 Qh5 21. Nh2 Re6 22. Bd1 Qh4 23. Bg4 exd4 24. Qxd4+ Re5 25. Bxc8 c5 26. Qxd6 Rg5+ 27. Kf1 Rxc8 28. Nf3 Qh3+ 29. Ke2 Qg4 30. Qe7 Rh5 31. Rg1 Qf4 32. Ng5 Rc6 33. Qxb7 Rf6 34. Qd5 Qxf2+ 35. Kd3 b5 36. b3 Rxg5 37. e5 Rf3+ 38. Qxf3 Qxf3+ 39. Kd2 Rxe5 40. c4 Re2+ 0-1

[Event "POL 14th Olympiade U14 Girls"]
[Site "Szczawno Zdroj"]
[Date "2008.04.28"]
[Round "2"]
[White "Olchowko, Marika"]
[Black "Iwanow, Anna"]
[Result "0-1"]
[WhiteElo "1734"]
[BlackElo "1964"]
[PlyCount "118"]
[EventDate "2008.04.27"]
[EventType "swiss"]
[EventRounds "10"]
[EventCountry "POL"]
[SourceTitle "EXT 2009"]
[Source "ChessBase"]
[SourceDate "2008.11.26"]
[SourceVersion "1"]
[SourceVersionDate "2008.11.26"]
[SourceQuality "1"]

1. d4 Nf6 2. Nf3 g6 3. Bg5 Bg7 4. Nbd2 d6 5. e4 0-0 6. h3 Nbd7 7. Bc4 e5 8. dxe5 dxe5 9. Qe2 c6 10. 0-0 h6 11. Be3 Qe7 12. Ne1 Kh8 13. a4 Nh5 14. Nd3 Qe8 15. g4 Nf4 16. Nxf4 exf4 17. Bxf4 Qe7 18. e5 Nb6 19. Qe3 Kh7 20. Bg3 h5 21. Qe2 hxg4 22. hxg4 Qg5 23. f3 Bh6 24. f4 Qxg4 25. Qf2 Bf5 26. Be2 Qh3 27. Qf3 Bxc2 28. Rf2 Rad8 29. Nf1 Qe6 30. Rh2 Rd7 31. Qh1 Kg7 32. Rxh6 Rg8 33. Bh4 Kf8 34. Bf6 Qd5 35. Qh4 Qd4+ 36. Kh2 Nd5 37. Rh8 Qxf4+ 38. Qxf4 Nxf4 39. Rxg8+ Kxg8 40. Bg4 Rd3 41. Ng3 Rd2+ 42. Kg1 Rg2+ 43. Kf1 Rxg3 44. Bc8 Rg2 45. Ra3 Rd2 46. Bxb7 Be4 47. b4 Nd5 48. b5 Nxf6 49. exf6 Rd6 50. Rc3 Bd3+ 51. Ke1 cxb5 52. axb5 Bxb5 53. Ra3 a6 54. Rf3 Bc6 55. Bxc6 Rxc6 56. Kf2 a5 57. Kg3 a4 58. Kg4 a3 59. Kg5 Ra6 0-1

[Event "POL-chT3 Slaskie"]
[Site "Poland"]
[Date "2008.03.02"]
[Round "6.56"]
[White "Olchowko, Marika"]
[Black "Matusiak, Paulina"]
[Result "1/2-1/2"]
[WhiteElo "1734"]
[BlackElo "1724"]
[PlyCount "69"]
[EventDate "2008.02.03"]
[EventType "team-swiss"]
[EventRounds "9"]
[EventCountry "POL"]
[SourceTitle "EXT 2019"]
[Source "ChessBase"]
[SourceDate "2018.10.10"]
[SourceVersion "1"]
[SourceVersionDate "2018.10.10"]
[SourceQuality "1"]

1. d4 Nf6 2. Nf3 g6 3. Bg5 Bg7 4. Nbd2 d6 5. e4 Nbd7 6. Bc4 0-0 7. 0-0 e5 8. dxe5 Nxe5 9. Nxe5 dxe5 10. Qe2 h6 11. Bh4 g5 12. Bg3 Nh7 13. Rad1 Qe7 14. Bb3 Be6 15. Bxe6 Qxe6 16. b3 Rad8 17. Nc4 b5 18. Ne3 a6 19. Nf5 Nf6 20. h4 Rfe8 21. hxg5 hxg5 22. Qe3 Nh7 23. Qc5 Bf8 24. Qe3 c5 25. Qf3 Nf6 26. Qe3 Nh7 27. f3 c4 28. Kf2 Rc8 29. Ke2 cxb3 30. cxb3 Rc2+ 31. Rd2 Rec8 32. Qd3 R8c3 33. Qd8 Rc8 34. Qd3 R8c3 35. Qd8 1/2-1/2

[Event "Zabrze Spring op"]
[Site "Zabrze"]
[Date "2007.05.26"]
[Round "6"]
[White "Radzikowski, Dawid"]
[Black "Olchowko, Marika"]
[Result "1-0"]
[WhiteElo "1912"]
[BlackElo "1652"]
[PlyCount "69"]
[EventDate "2007.05.22"]
[EventType "swiss"]
[EventRounds "10"]
[EventCountry "POL"]
[SourceTitle "EXT 2011"]
[Source "ChessBase"]
[SourceDate "2010.11.26"]
[SourceVersion "1"]
[SourceVersionDate "2010.11.26"]
[SourceQuality "1"]

1. e4 e5 2. Nc3 d6 3. Bc4 Nf6 4. d3 Be7 5. Nge2 0-0 6. f4 Bg4 7. h3 Bxe2 8. Nxe2 c6 9. fxe5 dxe5 10. Be3 Nh5 11. 0-0 Nd7 12. g4 Nhf6 13. a3 Bc5 14. Bxc5 Nxc5 15. b4 Ne6 16. Bxe6 fxe6 17. Qe1 h5 18. g5 Nh7 19. h4 Rxf1+ 20. Qxf1 Qb6+ 21. Kg2 Qe3 22. Ng3 Rf8 23. Qe2 Qf4 24. Qxh5 Qf2+ 25. Kh3 Qxc2 26. g6 Nf6 27. Qxe5 Qxd3 28. Qxe6+ Kh8 29. Rf1 Qd8 30. Qf5 Qd7 31. e5 Qxf5+ 32. Rxf5 Nd7 33. Rf7 Rd8 34. e6 Nf6 35. e7 1-0

[Event "Zabrze Spring op"]
[Site "Zabrze"]
[Date "2007.05.24"]
[Round "3"]
[White "Olchowko, Marika"]
[Black "Sowa, Bernard"]
[Result "1/2-1/2"]
[WhiteElo "1652"]
[BlackElo "1917"]
[PlyCount "56"]
[EventDate "2007.05.22"]
[EventType "swiss"]
[EventRounds "10"]
[EventCountry "POL"]
[SourceTitle "EXT 2011"]
[Source "ChessBase"]
[SourceDate "2010.11.26"]
[SourceVersion "1"]
[SourceVersionDate "2010.11.26"]
[SourceQuality "1"]

1. d4 d5 2. Nf3 Nf6 3. e3 Bg4 4. Bd3 e6 5. 0-0 c6 6. b3 Nbd7 7. Bb2 Bd6 8. Nbd2 e5 9. e4 dxe4 10. Nxe4 Nxe4 11. Bxe4 f5 12. Bxf5 Bxf5 13. dxe5 Be7 14. Nd4 0-0 15. g4 c5 16. Nxf5 Bh4 17. Qd5+ Kh8 18. e6 Rxf5 19. gxf5 Qg5+ 20. Kh1 Nf6 21. Qxb7 Rg8 22. Bxf6 Qxf6 23. Qf7 Qe5 24. Rae1 Qd5+ 25. Kg1 Qf3 26. h3 Qxh3 27. e7 Qg4+ 28. Kh2 Qf4+ 1/2-1/2